| 000 | 00978cam a22003133a 4500 | ||
|---|---|---|---|
| 001 | 14642002 | ||
| 003 | OSt | ||
| 005 | 20180116183021.0 | ||
| 008 | 820623s1982 onc 000 0 eng d | ||
| 010 | _a 2006594161 | ||
| 020 | _a0553208985 | ||
| 035 | _a(OCoLC)ocm08543582 | ||
| 035 | _a(OCoLC)8543582 | ||
| 040 |
_aSLC _cSLC _dDLC |
||
| 042 | _alccopycat | ||
| 050 | 0 | 0 | _aCPB Box no. 2502 vol. 8 |
| 082 | _a813.54 PAY 1982 | ||
| 100 | 1 | _aPayne, Charlotte. | |
| 245 | 1 | 0 |
_aLord of the River _cCharlotte Payne ; based on a story by Charles O'Neal. |
| 260 |
_aToronto ; _aNew York : _bBantam Books, _c1982. |
||
| 300 |
_a345, [12] p. ; _c18 cm. |
||
| 655 | 7 |
_aLove stories. _2gsafd |
|
| 655 | 7 |
_aHistorical fiction. _2gsafd |
|
| 700 | 1 |
_aO'Neal, Charles, _d1904-1996. |
|
| 710 | 2 |
_aCopyright Paperback Collection (Library of Congress) _5DLC |
|
| 906 |
_a7 _bcbc _ccopycat _d2 _encip _f20 _gy-genrareb |
||
| 942 |
_2ddc _cBK |
||
| 999 |
_c350601 _d350601 |
||